000 00568nam a2200205Ia 4500
005 20250508163847.0
008 008 250505s9999 xx 000 0 eng d
020 _a81-86208-13-5
037 _aTextual
040 _aFEDL
_beng
_cFEDL
041 _aeng
_2eng
084 _a331.4, ALA
_qFEDL
100 _aJayanti Alam
_9605908
245 0 _aTribal women workers : A study of young migrants
260 _aDelhi, India
_bRaj Pal and Sons
_c2000
300 _a216p.
650 _aEconomics
942 _cTEXL
_h331.4, ALA
999 _c1385655
_d1385655